| 000 | 00000nam##2200000za#4500 |
| 001 | 9.687818 |
| 003 | CaOODSP |
| 005 | 20210624231140 |
| 007 | cr ||||||||||| |
| 008 | 150407|2004||||xxc|||||o f|0| 0 eng|d |
| 040 | |aCaOODSP|beng |
| 043 | |an-cn--- |
| 086 | 1 |aSW21-125/2004E-PDF |
| 110 | 1 |aCanada. |bStatus of Women Canada. |
| 245 | 10|aWhat is GBA? |h[electronic resource] |
| 246 | 3 |aAn integrated approach to gender-based analysis |
| 260 | |aOttawa - Ontario : |bStatus of Women Canada |c[2004]. |
| 300 | |a3p. |
| 590 | |a05-40|b2005-10-07 |
| 590 | |a06-10-Supp|b2006-12-15 |
| 690 | 07|aGender equality|2gcpds |
| 690 | 07|aPolicy development|2gcpds |
| 775 | 08|tQu'est-ce que l'ACS? |w(CaOODSP)9.632258 |
| 776 | 0#|tWhat is GBA? |w(CaOODSP)9.666923 |
| 776 | 0#|tQu'est-ce que l'ACS? |w(CaOODSP)9.666924 |
| 856 | 40|ahttp://publications.gc.ca|qPDF|s74 KB|uhttps://publications.gc.ca/collections/Collection/SW21-125-2004E.pdf |